000 00653nam a2200229Ia 4500
003 OSt
005 20220918202024.0
006 a|||||r|||| 00| 0
007 ta
008 220917b |||||||| |||| 00| 0 eng d
024 _a98,194
037 _cTextual
040 _aARTS
_cARTS
_beng
041 _2eng
_aeng
082 _aV2:28wK72, L3
100 _aMalik Zahiruddin
_9101827
245 0 _aMughal statesman of the eighteenth century
_b Kahn-i-Dauran Khwaja Asim Mir Bakhshi of Muhammad Shah 1719-1739
260 _c1973
650 _aHISTORY
942 _hV2:28wK72, L3
_cTEXL
_2CC
999 _c221787
_d221787